000 00721nam a22002177a 4500
003 UA-OsUOA
001 85744
007 ta
008 20120711b un ||||| |||| 00| 0 ukr d
090 _a070(094)
_bУ45
942 _cBK
040 _aUA-OsUOA
_bukr
_cUA-OsUOA
_dUA-OsUOA
245 _aУкраїнське законодавство: Засоби Масової Інформації
_bпрограма правового захисту та освіти ЗМІ
_cКотюжинська Т., Панкратова Л.
300 _a367 с.
955 _a2
041 _aukr
080 _a070(094)
260 _aК.
_c2004
650 7 _a070 Газети. Преса. Журналістика
_2UDC
999 _c372037
_d372037